| 000 | 00678nam a2200217Ii 4500 | ||
|---|---|---|---|
| 003 | JO-AjNU | ||
| 008 | 230606s9999||||xx |||||||||||||| ||und|| | ||
| 020 | _a1-292-14787-3 / 978-1-292-14787-1 | ||
| 040 |
_aJO-AjNU _beng _erda _cJO-AjNU |
||
| 041 | _aeng | ||
| 050 | 1 | 4 | _aHF5667.A69 2017 |
| 100 | 3 |
_aArens, Alvin A, Elder, Randal J, Beasley , Mark S. , Hogan, Chris E, _eauthor _95927 |
|
| 245 | 0 | 0 | _aAuditing And Assurance Services |
| 250 | _a6 ed | ||
| 264 | 3 | 1 | _aNew York: Person Education Limited ,2017 |
| 300 | _a896P | ||
| 336 |
_atext _btxt _2rdacontent |
||
| 337 |
_aunmediated _bn _2rdamedia |
||
| 338 |
_avolume _bnc _2rdacarrier |
||
| 650 | 4 |
_aAuditing _95928 |
|
| 999 |
_aE3075 _c3072 _d3072 |
||